El contrato social
Saved in:
| 主要作者: | |
|---|---|
| 格式: | 圖書 |
| 語言: | 西班牙语 |
| 出版: |
Madrid
EDAF
1990
|
| 版: | 1a. ed |
| 叢編: | Biblioteca Edaf, 85
|
| 主題: | |
| 標簽: |
添加標簽
沒有標簽, 成為第一個標記此記錄!
|
MARC
| LEADER | 00000cam a2200000 a 4500 | ||
|---|---|---|---|
| 001 | UCX4105 | ||
| 003 | CL-VaPUC | ||
| 008 | 920317e19900000SP |||||||||||||||||spa|d | ||
| 020 | |a 8471664569 | ||
| 082 | 0 | 4 | |a 320.11 |b ROU |2 21 |
| 100 | |a Rousseau, Jean Jacques |e autor |9 255697 | ||
| 245 | 1 | 3 | |a El contrato social |
| 250 | |a 1a. ed | ||
| 300 | |a 223 p | ||
| 942 | |c BK | ||
| 945 | |d 19920317 00:00:00 | ||
| 260 | |a Madrid |b EDAF |c 1990 | ||
| 650 | 0 | |a Ciencias Políticas |9 255201 | |
| 650 | 0 | |a Contrato social |9 308917 | |
| 583 | |a last modification |c 20160620 02:59:54 |k Rodrigo Vera | ||
| 490 | 0 | |a Biblioteca Edaf, 85 | |
| 999 | |c 224673 |d 224671 | ||
| 952 | |0 0 |1 0 |4 0 |6 320_110000000000000_ROU_1990 |7 0 |8 A |9 221508 |a BIBHIS |b BIBHIS |d 2019-11-15 |i 290294K |l 2 |o 320.11 ROU 1990 |p 290294K |r 2025-01-20 |s 2022-05-26 |w 2019-11-15 |y BK |k HIS | ||
| 952 | |0 0 |1 0 |4 0 |6 320_110000000000000_ROU_1990 |7 0 |8 A |9 221509 |a BIBHIS |b BIBHIS |d 2019-11-15 |i 2902958 |o 320.11 ROU 1990 |p 2902958 |r 2025-01-20 |w 2019-11-15 |y BK |k HIS | ||
| 952 | |0 0 |1 0 |3 erb |4 0 |6 320_110000000000000_ROU_1990 |7 0 |8 A |9 221510 |a FDOHBE |b FDOHBE |e Huesbe Llanos, Marco Antonio, 1934- |i 5309093 |o 320.11 ROU 1990 |p 5309093 |r 2024-01-30 |w 2019-11-15 |y BK |z Catalogado en:20160623 |k HBE | ||